| 000 | 00000nam 2200000zi 4500 |
| 001 | 9.943140 |
| 003 | CaOODSP |
| 005 | 20241104124639 |
| 006 | m o d f |
| 007 | cr |n||||||||| |
| 008 | 240912s2002 onc ob f000 0 eng d |
| 020 | |z0662665511 |
| 040 | |aCaOODSP|beng|erda|cCaOODSP |
| 043 | |an-cn--- |
| 086 | 1 |aD82-64/2002E-PDF|zD82-64/2002 |
| 245 | 00|aNational disaster mitigation strategy : |btowards a Canadian approach : a guide for deliberation. |
| 264 | 1|aOttawa : |bOffice of Critical Infrastructure Protection and Emergency Preparedness, |c[2002] |
| 300 | |a1 online resource (18 pages) |
| 336 | |atext|btxt|2rdacontent |
| 337 | |acomputer|bc|2rdamedia |
| 338 | |aonline resource|bcr|2rdacarrier |
| 500 | |aIssued also in French under title: Stratégie nationale d'atténuation des catastrophes : vers une approache canadienne. |
| 500 | |aDigitized edition from print [produced by Government of Canada Publications Directorate]. |
| 500 | |aCover title. |
| 500 | |a"Researchers/writers: Ruth M. Schneider and Aaron L. Schneider"--Page 2 of cover. |
| 504 | |aIncludes bibliographical references (page 17). |
| 650 | 0|aEmergency management|zCanada. |
| 650 | 0|aEmergency management|xGovernment policy|zCanada. |
| 700 | 1 |aSchneider, Ruth Morris, |eauthor. |
| 710 | 1 |aCanada.|bOffice of Critical Infrastructure Protection and Emergency Preparedness, |eissuing body. |
| 775 | 08|tStratégie nationale d'atténuation des catastrophes : |w(CaOODSP)9.943141 |
| 776 | 0#|tNational disaster mitigation strategy: towards a Canadian approach : |w(CaOODSP)9.663725 |
| 856 | 40|qPDF|s6842 KB|uhttps://publications.gc.ca/collections/collection_2024/sp-ps/D82-64-2002-eng.pdf |